Aportaciones a la literatura gallega contemporánea

保存先:
書誌詳細
第一著者: Carballo Calero, Ricardo
フォーマット: 図書
言語:Undetermined
出版事項: Madrid, España Gredos 1955
主題:
タグ: タグ追加
タグなし, このレコードへの初めてのタグを付けませんか!

MARC

LEADER 00000nam a2200000Ia 4500
008 170316s9999 xx 000 0 und d
040 |a cru BVZT 
090 |a C-862 C-6a 
100 |a Carballo Calero, Ricardo 
245 |a Aportaciones a la literatura gallega contemporánea 
260 |a Madrid, España 
260 |b Gredos 
260 |c 1955 
300 |a 227 páginas 
650 |a LITERATURA ESPAÑOLA 
650 |a CRÍTICA 
942 |c 15 D 
999 |c 13102  |d 13102